|
|
|
|
| LEADER |
01047nam a2200325 4500 |
| 001 |
DLU090093829 |
| 005 |
##20091201 |
| 040 |
# |
# |
|a DLU
|b eng
|
| 041 |
# |
# |
|a eng
|
| 044 |
# |
# |
|a us
|
| 245 |
# |
# |
|a Evaluation of the diffusive gradient in a thin film technique for monitoring trace metal concentrations in estuarine waters /
|c Ryan J. K. Dunn, Peter R. Teasdale, Jan Warnken, Robin R. Schleich.
|
| 653 |
# |
# |
|a Chemical diffusion
|
| 653 |
# |
# |
|a Estuaries
|
| 653 |
# |
# |
|a Heavy metal
|
| 653 |
# |
# |
|a Surveillance
|
| 653 |
# |
# |
|a Water pollution
|
| 700 |
# |
# |
|a Dunn, Ryan J. K.
|
| 700 |
# |
# |
|a Schleich, Robin R.
|
| 700 |
# |
# |
|a Teasdale, Peter R.
|
| 700 |
# |
# |
|a Warnken, Jan.
|
| 773 |
# |
# |
|t Environmental Science & Technology
|g Vol. 37, no. 12 (June 2003), p. 2794-2800
|
| 920 |
# |
# |
|a Phòng Tạp chí -- Trung tâm Thông tin - Thư viện Trường Đại học Đà Lạt
|
| 994 |
# |
# |
|a DLU
|
| 900 |
# |
# |
|a True
|
| 911 |
# |
# |
|a Trương Bảo Trâm Anh
|
| 925 |
# |
# |
|a G
|
| 926 |
# |
# |
|a A
|
| 927 |
# |
# |
|a BB
|
| 980 |
# |
# |
|a Thư viện Trường Đại học Đà Lạt
|